| 000 | 04271cam a2200493 a 4500 | ||
|---|---|---|---|
| 001 | 16579617 | ||
| 003 | OSt | ||
| 005 | 20150408114033.0 | ||
| 008 | 101210t20112011enkaf b 001 0 eng | ||
| 010 | _a 2010052263 | ||
| 016 | 7 |
_a101549449 _2DNLM |
|
| 016 | 7 |
_a015669099 _2Uk |
|
| 020 | _a9781405192729 (hardback : alk. paper) | ||
| 020 | _a1405192720 (hardback : alk. paper) | ||
| 020 | _a9781444329902 (ePDF) | ||
| 020 | _a1444329901 (ePDF) | ||
| 020 | _a9781444329896 (Wiley Online Library) | ||
| 020 | _a1444329898 (Wiley Online Library) | ||
| 020 | _a9781444329919 (ePub) | ||
| 020 | _a144432991X (ePub) | ||
| 035 | _a(OCoLC)ocn693512901 | ||
| 040 |
_aDNLM/DLC _cDLC _erda _dYDX _dBTCTA _dYDXCP _dNLM _dUKMGB _dDLC |
||
| 050 | 0 | 0 |
_aRD572 _b.I58 2011 |
| 060 | 0 | 0 | _a2011 E-259 |
| 060 | 1 | 0 | _aWJ 160 |
| 082 | 0 | 0 |
_a617.460597 _222 |
| 245 | 0 | 0 |
_aInterventional Techniques in Uro-oncology / _cEdited by Hashim Uddin Ahmed MRCS, BM, BCh(Oxon), BA(Hons), Medical Research Council Clinical Research Fellow, Specialist Registrar in Urology, Division of Surgery and Interventional Science, University College London, University College London Hospitals NHS Foundation Trust, London, UK, Manit Arya FRCS, FRCS(Urol), Fellow in Laparoscopic and Minimally Invasive Surgery, King's College Hospital, London, UK, Peter T. Scardino, M.D., The David H. Koch Chair, Chair, Department of Surgery and Head of Prostate Cancer Program, Memorial Sloan-Kettering Cancer Center, New York, USA, Mark Emberton MD FRCS (Urol), Professor of Interventional Oncology and Honorary Consultant Urologist, Division of Surgery and Interventional Science, University College London Hospitals NHS Foundation Trust, London, UK. |
| 260 |
_aOxford ; _aHoboken, NJ : _bWiley-Blackwell, _c2011, ©2011. |
||
| 300 |
_avii, 199 pages, [12] pages of color plates : _billustrations ; _c26 cm. |
||
| 504 | _aIncludes bibliographical references and index. | ||
| 505 | 8 | _aAMachine generated contents note: -- 1. Introduction: The Rationale for Minimally Invasive Interventional Techniques in Urological Cancer (Cole Davis, Matthew R. Cooperberg, Katsuto Shinohara, Peter R. Carroll). -- 2. Brachytherapy for Prostate Cancer (John Sylvester, Peter Grimm). -- 3. High Intensity Focused Ultrasound In Urologic Oncology (Markus Margreiter, Michael Marberger). -- 4. Prostate and Renal Cryotherapy (Chad Ritch, Aaron Katz, Hashim U Ahmed, Manit Arya) -- 5. Radiofrequency Ablation (Adam S. Feldman, Peter R. Mueller, W. Scott McDougal). -- 6. Photodynamic therapy (Caroline Moore, Stephen Bown, John Trachtenberg, Mark Emberton). -- 7. Perspectives on Nanotechnology (Aleksandar F. Radovic-Moreno, Kai P. Yuet, Robert S. Langer, Omid C. Farokhzad). -- Imaging in Urological Cancers: -- 8. The Role of Imaging in Diagnosis and Staging of Urologic Cancers: Magnetic Resonance Imaging (Jurgen J. Fütterer, Stijn T.W.P.J. Heijmijnk). -- 9. The Role of Imaging in Diagnosis and Staging of Urologic Cancers: Ultrasound, Computed Tomography and PET scanning (Jorge Rioja, Charalampos Mamoulakis, Stavros Gravas, Jean de la Rosette). -- 10. Imaging after Minimally-Invasive Interventions in Urological Cancers (Rowland Illing, Alex Kirkham). | |
| 520 | _a"As minimally invasive surgical techniques move into the mainstream of urological practice, this new reference will supply the answers clinicians need. An extremeley well-illustrated basic introduction to the science behind each of the techniques, the book also provides guidance on when and how to use them. Each technique chapter follows a standard format for ease of use and includes key points and references for further study"--Provided by publisher. | ||
| 650 | 0 |
_aGenitourinary organs _xEndoscopic surgery. _913568 |
|
| 650 | 0 |
_aLaparoscopic surgery. _913569 |
|
| 650 | 1 | 2 |
_aUrologic Neoplasms _xsurgery. _913570 |
| 650 | 1 | 2 |
_aUrologic Surgical Procedures _xmethods. _913571 |
| 650 | 2 | 2 |
_aSurgical Procedures, Minimally Invasive _xmethods. _913572 |
| 700 | 1 |
_aAhmed, Hashim Uddin, _eeditor. _913573 |
|
| 700 | 1 |
_aArya, Manit, _eeditor. _913574 |
|
| 700 | 1 |
_aScardino, Peter T., _d1945- _eeditor. _913575 |
|
| 700 | 1 |
_aEmberton, Mark, _eeditor. _913576 |
|
| 942 |
_2ddc _cBOOK |
||
| 999 |
_c23062 _d257562 |
||